| 000 | 00897nam a22002057a 4500 | ||
|---|---|---|---|
| 999 |
_c61928 _d61928 |
||
| 003 | Ge_BSU | ||
| 005 | 20240611151208.0 | ||
| 008 | 240611s1976 ge ||||| |||| 00| 0 geo d | ||
| 041 | _ageo | ||
| 080 | _a61(479.22)(092) თ-77 | ||
| 100 |
_aთოფურია, ი. _922398 |
||
| 245 |
_aსალომე ავალიშვილი : _b[პარაზიტოლოგი] / _cი. თოფურია, ჯ. ქორჩილავა. |
||
| 264 |
_aთბილისი : _bსაბჭ. საქართველო, _c1976. |
||
| 300 |
_a100 გვ. : _b 6 ფ. ილ. ; _c16 სმ |
||
| 653 | _aავალიშვილი, სალომე | ||
| 653 | _aქართველი ექიმები | ||
| 653 | _aპარაზიტოლოგია | ||
| 700 |
_aქორჩილავა, ჯ. _e ავტორი _922399 |
||
| 942 |
_2udc _cᲬᲘᲒᲜᲘ |
||